Normale Ansicht
MARC-Ansicht
Eintrag Personenname
001 - Kontrollnummer
- Kontrollfeld: 69051
003 - Kontrollnummer Identifier
- Kontrollfeld:
005 - Datum und Zeit der letzten Transaktion
- Kontrollfeld: 20260416123628.0
008 - Datenelemente mit fester Länge
- Kontrollfeld mit fester Länge: 260416|| aca||aabn | a|a d
040 ## - Katalogisierungsquelle
- Original-Katalogisierungsstelle:
- Übertragungsstelle:
100 ## - Ansetzung - Personenname
- Personenname: Dost, Suleyman
670 ## - Datenquelle
- Quellenangabe: Work cat.: ()74080: Dost, Suleyman aut, Before the Quran